书目信息 |
| 题名: |
脂肪肝(第二版)
|
|
| 作者: | 刘艳骄 编著 | |
| 分册: | ||
| 出版信息: | 北京 科学技术文献出版社 2000.06 |
|
| 页数: | 182页 | |
| 开本: | 32开 | |
| 丛书名: | ||
| 单 册: | ||
| 中图分类: | R575.5 | |
| 科图分类: | ||
| 主题词: | 消化系统疾病 , 腹腔疾病 | |
| 电子资源: | ||
| ISBN: | 7-5023-2088-1 | |
| 000 | 00589nam0 2200205 45 | |
| 001 | 0011181603 | |
| 005 | 20001118160932.9 | |
| 010 | @a7-5023-2088-1@d11.00元 | |
| 100 | @a20001118d2000 km y0chiy0120 ea | |
| 101 | 0 | @achi |
| 105 | @a z 000yy | |
| 200 | 1 | @a脂肪肝(第二版)@AZhi Fang Gan(Di Er Ban)@f刘艳骄等编著@FLiu Yan Jiao Deng Bian Zhu |
| 210 | @a北京@c科学技术文献出版社@d2000.06 | |
| 215 | @a182页@d32开 | |
| 606 | 0 | @a消化系统疾病 |
| 606 | 0 | @a腹腔疾病 |
| 690 | @aR575.5@v3 | |
| 701 | 0 | @a刘艳骄@4编著 |
| 801 | @aCN@bPftUser@c20001118 | |
| 905 | @b416129-130@dR575.5@eL361=2@f2 | |
| 脂肪肝(第二版)/刘艳骄等编著.-北京:科学技术文献出版社,2000.06 |
| 182页;32开 |
| ISBN 7-5023-2088-1:11.00元 |
| ● |
| 相关链接 |
|
|
|
正题名:脂肪肝(第二版)
索取号:R575.5/L361=2
 
预约/预借
| 序号 | 登录号 | 条形码 | 馆藏地/架位号 | 状态 | 备注 |
| 1 | 416129 | 204161290 | 自科库401/401自科库 18排4列5层/ [索取号:R575.5/L361=2] | 在馆 | |
| 2 | 416130 | 204161307 | 自科库401/401自科库 18排4列5层/ [索取号:R575.5/L361=2] | 在馆 |